Language Quiz

Random Language or Sitcom Quiz

Latin 6x6 Quiz Stats

 Plays Quiz Updated Dec 9, 2017

Challenge
Share
Tweet
Embed
Score 0/36 Timer 06:00
1 Play Today
Hint Answer % Correct
Domestic animalsdog
91.8%
Domestic animalshorse
89.2%
Domestic animalscat
87.6%
SitcomsFriends
87%
Domestic animalspig
84.7%
Rock bandsQueen
73.9%
The Beatles songsHere Comes the Sun
71.9%
NovelsWar and Peace
67.4%
Domestic animalsdonkey
59.8%
Rock bandsGrateful Dead
58.1%
SitcomsMarried... with Children
55.7%
Oscar MoviesMoonlight
54.4%
SitcomsHow I Met Your Mother
51.7%
The Beatles songsHello, Goodbye
50.7%
Oscar MoviesThe Silence of the Lambs
49.4%
NovelsBrave New World
49.3%
Domestic animalssheep
46.2%
NovelsIt
42%
Hint Answer % Correct
NovelsAnimal Farm
40.8%
The Beatles songsHere, There and Everywhere
38.7%
The Beatles songsYesterday
38.4%
Rock bandsIron Maiden
38.1%
The Beatles songsAll You Need Is Love
36%
Oscar MoviesThe Last Emperor
34.2%
Rock bandsDeep Purple
33.1%
Rock bandsGreen Day
32.1%
SitcomsThe Golden Girls
30.7%
SitcomsParks and Recreation
28.9%
NovelsPride and Prejudice
28.1%
SitcomsCheers
25.2%
The Beatles songsTwist and Shout
23.8%
Rock bandsThe Rolling Stones
23.4%
NovelsThe Lord of the Rings
18.1%
Oscar MoviesMy Fair Lady
15.8%
Oscar MoviesThe Deer Hunter
11.4%
Oscar MoviesThe Sting
4%

You're not logged in!

Compare scores with friends on all Sporcle quizzes.
OR
Log In

You Might Also Like...

Show Comments

Extras

Top Quizzes Today


Score Distribution

Your Account Isn't Verified!

In order to create a playlist on Sporcle, you need to verify the email address you used during registration. Go to your Sporcle Settings to finish the process.

Report this User

Report this user for behavior that violates our Community Guidelines.

Details: